Water service in Scotland: final report (Record no. 498418)

000 -LEADER
fixed length control field 00392cam a22001097a 4500
008 - FIXED-LENGTH DATA ELEMENTS--GENERAL INFORMATION
fixed length control field 180718b1966 xxu||||| |||| 00| 0 eng d
082 ## - DEWEY DECIMAL CLASSIFICATION NUMBER
Classification number V43x41 Un3
245 ## - TITLE STATEMENT
Title Water service in Scotland: final report
Statement of responsibility, etc. by Scottish Development Department, United Kingdom
260 ## - PUBLICATION, DISTRIBUTION, ETC.
Place of publication, distribution, etc. London
Name of publisher, distributor, etc. Her Majesty's Stationery Office
Date of publication, distribution, etc. 1966
300 ## - PHYSICAL DESCRIPTION
Extent 88+p.
700 ## - ADDED ENTRY--PERSONAL NAME
Personal name United Kingdom. Scottish Development Department
Holdings
Withdrawn status Lost status Damaged status Not for loan Permanent Location Current Location Date acquired Full call number Barcode Date last seen Price effective from Koha item type
        Indian Institute of Public Administration Indian Institute of Public Administration 2018-08-04 V43x41 Un3 G7577 2018-08-04 2018-08-04 G

Powered by Koha